[Event "SVK-chT rapid"]
[Site "Poprad"]
[Date "2025.05.04"]
[Round "1.10"]
[White "Krnan, Tomas"]
[Black "Mikusiak, Andrej"]
[Result "1-0"]
[WhiteElo "2466"]
[BlackElo "1830"]
[PlyCount "95"]
[EventDate "2025.05.04"]
[EventType "team-swiss (rapid)"]
[EventRounds "7"]
[EventCountry "SVK"]
[SourceTitle "CB19_2025"]
[SourceDate "2025.05.07"]
[SourceVersion "1"]
[SourceVersionDate "2025.05.07"]
[SourceQuality "1"]

1. e4 d6 2. d4 g6 3. Nc3 Bg7 4. h4 h5 5. Nh3 c6 6. Be3 b5 7. Qd2 Nf6 8. f3 Bxh3 9. Rxh3 Nbd7 10. 0-0-0 b4 11. Ne2 a5 12. Nf4 Qc7 13. Nd3 c5 14. dxc5 dxc5 15. e5 Nd5 16. f4 Nxe3 17. Qxe3 c4 18. e6 fxe6 19. Qxe6 Bf6 20. Qe4 Kf7 21. Nxb4 axb4 22. Qxc4+ Qxc4 23. Bxc4+ Ke8 24. Bb5 Ra7 25. Rxd7 Rxd7 26. Rd3 Kf7 27. Bxd7 Bxh4 28. a4 bxa3 29. Rxa3 Rd8 30. Bc6 Bf6 31. b4 Rb8 32. b5 Bd4 33. Kd2 Bc5 34. Rd3 Kf6 35. Kc3 Bd6 36. g3 g5 37. fxg5+ Kxg5 38. Kc4 h4 39. gxh4+ Kxh4 40. Rxd6 exd6 41. Kd5 Kg4 42. Kxd6 Kf4 43. Kc7 Rh8 44. b6 Rh7+ 45. Bd7 Rh1 46. c4 Rc1 47. Bb5 Rb1 48. b7 1-0

[Event "SVK-chT2C 2324"]
[Site "Slovakia"]
[Date "2024.01.14"]
[Round "7.7"]
[White "Mikusiak, Andrej"]
[Black "Janik, Miroslav"]
[Result "1/2-1/2"]
[WhiteElo "1743"]
[BlackElo "1834"]
[PlyCount "55"]
[EventDate "2023.10.07"]
[EventType "team-tourn"]
[EventRounds "11"]
[EventCountry "SVK"]
[SourceTitle "EXT 2025"]
[Source "ChessBase"]
[SourceDate "2024.10.14"]
[SourceVersion "1"]
[SourceVersionDate "2024.10.14"]
[SourceQuality "1"]
[WhiteTeam "Ondrasova Krivan"]
[BlackTeam "Dunajov Martin III"]
[WhiteTeamCountry "SVK"]
[BlackTeamCountry "SVK"]

1. Nf3 c5 2. c4 Nf6 3. Nc3 Nc6 4. d4 cxd4 5. Nxd4 d6 6. e4 g6 7. Be2 Bg7 8. Be3 0-0 9. 0-0 Bd7 10. h3 Nxd4 11. Bxd4 Bc6 12. Qd3 Ne8 13. Bxg7 Nxg7 14. Nd5 Ne6 15. Qe3 b6 16. f4 Ng7 17. f5 Bxd5 18. cxd5 gxf5 19. exf5 f6 20. Bb5 a6 21. Bc6 Ra7 22. Rf4 Kf7 23. Raf1 Rh8 24. Rg4 a5 25. Rf3 h5 26. Rg6 Nxf5 27. Rxf6+ exf6 28. Rxf5 1/2-1/2

[Event "SVK-chT2C 2324"]
[Site "Slovakia"]
[Date "2023.11.11"]
[Round "3.6"]
[White "Vasylchuk, Diana"]
[Black "Mikusiak, Andrej"]
[Result "1-0"]
[WhiteElo "1794"]
[BlackElo "1743"]
[PlyCount "89"]
[EventDate "2023.10.07"]
[EventType "team-tourn"]
[EventRounds "11"]
[EventCountry "SVK"]
[SourceTitle "EXT 2025"]
[Source "ChessBase"]
[SourceDate "2024.10.14"]
[SourceVersion "1"]
[SourceVersionDate "2024.10.14"]
[SourceQuality "1"]
[WhiteTeam "Filakovo"]
[BlackTeam "Ondrasova Krivan"]
[WhiteTeamCountry "SVK"]
[BlackTeamCountry "SVK"]

1. e4 d6 2. d4 g6 3. f4 Bg7 4. Nc3 c6 5. a4 b6 6. Bc4 e6 7. Nf3 d5 8. exd5 cxd5 9. Bb5+ Bd7 10. Qe2 Nc6 11. Bxc6 Bxc6 12. Ne5 Ne7 13. 0-0 0-0 14. Kh1 Qc7 15. g4 Bb7 16. Be3 a5 17. Qf2 Ba6 18. Rfe1 Nc8 19. f5 f6 20. Nd3 Bxd3 21. cxd3 Qd7 22. fxe6 Qxe6 23. Qg2 Ne7 24. Bf4 Qd7 25. Nb5 Rac8 26. Bd6 Rfe8 27. Rxe7 Rxe7 28. Bxe7 Qxe7 29. Qxd5+ Kf8 30. Qd6 Qxd6 31. Nxd6 Rd8 32. Nb5 Rd5 33. Rc1 f5 34. gxf5 gxf5 35. Nc7 Rd6 36. Rf1 Bxd4 37. Rxf5+ Ke7 38. b3 h6 39. Kg2 Kd7 40. Nb5 Rg6+ 41. Kf3 Bb2 42. h3 Re6 43. Rf7+ Kc6 44. d4 Rg6 45. Ke4 1-0